[Event "GBR-ch110 Over 50"]
[Site "Hull"]
[Date "2024.08.03"]
[Round "6.13"]
[White "Handley, Michael R"]
[Black "Kennedy, Craig"]
[Result "1/2-1/2"]
[WhiteElo "2007"]
[BlackElo "1871"]
[PlyCount "46"]
[EventDate "2024.07.29"]
[EventType "swiss"]
[EventRounds "7"]
[EventCountry "GBR"]
[SourceTitle "BritBase"]
[Source "John Saunders"]
[SourceDate "2025.02.19"]
[SourceVersion "1"]
[SourceVersionDate "2025.02.19"]
[SourceQuality "1"]

1. d4 d5 2. c4 e6 3. Nc3 h6 4. Bf4 Nf6 5. e3 Bd6 6. Bg3 O-O 7. Nf3 dxc4 8. Bxc4 Bxg3 9. hxg3 c5 10. Qd2 Qc7 11. Bb3 cxd4 12. exd4 Nc6 13. O-O-O Rd8 14. Qf4 Qxf4+ 15. gxf4 Nb4 16. Ne5 Nbd5 17. Nxd5 Nxd5 18. g3 b6 19. Nc6 Re8 20. Bxd5 exd5 21. Rhe1 Rxe1 22. Rxe1 Bb7 23. Ne7+ Kf8 1/2-1/2

[Event "GBR-ch110 Over 50"]
[Site "Hull"]
[Date "2024.08.03"]
[Round "6.14"]
[White "Wilson, Matthew R"]
[Black "Keely, Leo A"]
[Result "1/2-1/2"]
[WhiteElo "1832"]
[BlackElo "1923"]
[PlyCount "127"]
[EventDate "2024.07.29"]
[EventType "swiss"]
[EventRounds "7"]
[EventCountry "GBR"]
[SourceTitle "BritBase"]
[Source "John Saunders"]
[SourceDate "2025.02.19"]
[SourceVersion "1"]
[SourceVersionDate "2025.02.19"]
[SourceQuality "1"]

1. e4 e5 2. Nf3 Nc6 3. Bc4 Nf6 4. d3 Be7 5. c3 O-O 6. Bb3 d6 7. Nbd2 Na5 8. Bc2 c5 9. h3 Nc6 10. Nf1 d5 11. Qe2 Re8 12. g4 d4 13. Ng3 Nd7 14. Nf5 Bf8 15. Bb3 Na5 16. Bc2 dxc3 17. bxc3 b6 18. Bg5 Qc7 19. Ne3 Bb7 20. c4 Qc8 21. Ba4 Nc6 22. Bxc6 Qxc6 23. O-O Qc8 24. Nd2 Nb8 25. Nd5 Nc6 26. Be3 Nd4 27. Bxd4 exd4 28. f4 b5 29. Rab1 bxc4 30. dxc4 Qd7 31. Qf3 Rac8 32. Qb3 Ba8 33. Nf3 f6 34. Nd2 Kh8 35. Qd3 Rb8 36. Rxb8 Rxb8 37. Rb1 Qd6 38. Rxb8 Qxb8 39. Qb3 Qd6 40. Qa4 h6 41. Qe8 Bc6 42. Qf7 Kh7 43. e5 fxe5 44. fxe5 Qxe5 45. Qxf8 Qg3+ 46. Kf1 Qxh3+ 47. Ke1 Qxg4 48. Ne7 Qe6+ 49. Kd1 Ba4+ 50. Nb3 Qg4+ 51. Ke1 Qe4+ 52. Kd1 Qb1+ 53. Kd2 Qxa2+ 54. Ke1 Qb1+ 55. Kf2 Qc2+ 56. Kg1 Qd1+ 57. Kf2 Qc2+ 58. Kg1 h5 59. Qg8+ Kh6 60. Qh8+ Qh7 61. Nf5+ Kg6 62. Nh4+ Kh6 63. Nf5+ Kg6 64. Nh4+ 1/2-1/2

[Event "GBR-ch110 Over 50"]
[Site "Hull"]
[Date "2024.08.03"]
[Round "6.15"]
[White "Brown, Alan M"]
[Black "Turner, Tim M"]
[Result "1/2-1/2"]
[WhiteElo "1974"]
[BlackElo "1860"]
[PlyCount "111"]
[EventDate "2024.07.29"]
[EventType "swiss"]
[EventRounds "7"]
[EventCountry "GBR"]
[SourceTitle "BritBase"]
[Source "John Saunders"]
[SourceDate "2025.02.19"]
[SourceVersion "1"]
[SourceVersionDate "2025.02.19"]
[SourceQuality "1"]

1. d4 Nf6 2. c4 g6 3. Nc3 Bg7 4. e4 d6 5. Be2 O-O 6. Bg5 Na6 7. h3 e5 8. dxe5 dxe5 9. Qxd8 Rxd8 10. Nf3 Re8 11. O-O c6 12. Rad1 Nc5 13. Bd3 Nxd3 14. Rxd3 Be6 15. b3 Nh5 16. Rfd1 f6 17. Be3 g5 18. g4 Nf4 19. Bxf4 gxf4 20. Nh4 Bf8 21. Nf5 Bb4 22. Ne2 a5 23. a4 Kf8 24. Nc1 Reb8 25. Nd6 Ke7 26. Nf5+ Ke8 27. Na2 Bf8 28. Nc3 Rd8 29. Kf1 Rxd3 30. Rxd3 Rd8 31. Ke2 Rxd3 32. Kxd3 Kd7 33. Kc2 Kc7 34. Ne2 Kb6 35. Nc1 Ka6 36. Ne2 Bb4 37. Ng7 Bf7 38. f3 b5 39. cxb5+ cxb5 40. Nc3 Bxc3 41. axb5+ Kxb5 42. Kxc3 Kc5 43. Nf5 Be8 44. h4 Bb5 45. g5 fxg5 46. hxg5 Be2 47. Nh4 Bd1 48. g6 hxg6 49. Nxg6 Bxf3 50. Nxe5 Bxe4 51. Nc4 Bd5 52. Nxa5 f3 53. Kd3 Kb4 54. Nc4 Kxb3 55. Nd2+ Kb4 56. Nxf3 1/2-1/2

[Event "GBR-ch110 Over 50"]
[Site "Hull"]
[Date "2024.08.03"]
[Round "6.16"]
[White "Giulian, Rosemary A"]
[Black "Strugar, Ioan"]
[Result "1-0"]
[WhiteElo "1935"]
[BlackElo "1664"]
[PlyCount "75"]
[EventDate "2024.07.29"]
[EventType "swiss"]
[EventRounds "7"]
[EventCountry "GBR"]
[SourceTitle "BritBase"]
[Source "John Saunders"]
[SourceDate "2025.02.19"]
[SourceVersion "1"]
[SourceVersionDate "2025.02.19"]
[SourceQuality "1"]

1. e4 e5 2. Nf3 Nf6 3. Nxe5 d6 4. Nf3 Nxe4 5. d4 d5 6. Bd3 Bd6 7. O-O O-O 8. c4 c6 9. Qc2 Na6 10. a3 Re8 11. Nc3 f5 12. cxd5 Nxc3 13. bxc3 cxd5 14. Bxf5 Bxf5 15. Qxf5 Kh8 16. Ng5 g6 17. Nf7+ Kg8 18. Qf3 Qc7 19. Nh6+ Kh8 20. Qf6+ Qg7 21. Nf7+ Kg8 22. Qxg7+ Kxg7 23. Nxd6 Re7 24. Bf4 Rf8 25. Be5+ Kg8 26. Nb5 Rc8 27. Nxa7 Rxc3 28. Nb5 Rc2 29. Rfc1 Rb2 30. Rab1 Ra2 31. g3 Rf7 32. Rc8+ Rf8 33. Rxf8+ Kxf8 34. Nd6 Rxa3 35. Rxb7 Ra1+ 36. Kg2 Ra2 37. Rxh7 Nb4 38. Bf6 1-0

[Event "GBR-ch110 Over 50"]
[Site "Hull"]
[Date "2024.08.03"]
[Round "6.17"]
[White "Swiatkowski, Aram"]
[Black "Wheeler, James M"]
[Result "1-0"]
[WhiteElo "1782"]
[BlackElo "1881"]
[PlyCount "45"]
[EventDate "2024.07.29"]
[EventType "swiss"]
[EventRounds "7"]
[EventCountry "GBR"]
[SourceTitle "BritBase"]
[Source "John Saunders"]
[SourceDate "2025.02.19"]
[SourceVersion "1"]
[SourceVersionDate "2025.02.19"]
[SourceQuality "1"]

1. e4 e6 2. b3 d5 3. Bb2 dxe4 4. Nc3 Nf6 5. Qe2 Be7 6. Nxe4 Nxe4 7. Qxe4 Bf6 8. d4 Qd5 9. Bd3 Qxe4+ 10. Bxe4 O-O 11. f4 c5 12. O-O-O cxd4 13. Nf3 Nd7 14. Ba3 Re8 15. g4 g6 16. Nxd4 e5 17. Nb5 exf4 18. Nd6 Rxe4 19. Nxe4 Be5 20. Rhe1 f6 21. g5 Kf7 22. gxf6 Bxf6 23. Nd6+ 1-0

[Event "GBR-ch110 Over 50"]
[Site "Hull"]
[Date "2024.08.03"]
[Round "6.18"]
[White "Wheeler, Tim"]
[Black "Rich, Ben S"]
[Result "0-1"]
[WhiteElo "1825"]
[BlackElo "1869"]
[PlyCount "47"]
[EventDate "2024.07.29"]
[EventType "swiss"]
[EventRounds "7"]
[EventCountry "GBR"]
[SourceTitle "BritBase"]
[Source "John Saunders"]
[SourceDate "2025.02.19"]
[SourceVersion "1"]
[SourceVersionDate "2025.02.19"]
[SourceQuality "1"]

1. e4 c5 2. Nf3 d6 3. d4 cxd4 4. Nxd4 Nf6 5. Nc3 e6 6. f4 a6 7. Qf3 Qc7 8. g4 Nc6 9. Nxc6 Qxc6 10. g5 Nd7 11. Bg2 b5 12. Qe2 Bb7 13. O-O b4 14. Nd5 Be7 15. Nxe7 Kxe7 16. e5 Qxg2+ 17. Qxg2 Bxg2 18. Kxg2 dxe5 19. fxe5 Nxe5 20. Bf4 Nc4 21. b3 Na3 22. Be5 Rhg8 23. c4 Nc2 24. Bd6+ 0-1

[Event "GBR-ch110 Over 50"]
[Site "Hull"]
[Date "2024.08.03"]
[Round "6.19"]
[White "Lynch, Chris"]
[Black "Grillage, Andrew"]
[Result "1-0"]
[WhiteElo "1595"]
[BlackElo "1930"]
[PlyCount "67"]
[EventDate "2024.07.29"]
[EventType "swiss"]
[EventRounds "7"]
[EventCountry "GBR"]
[SourceTitle "BritBase"]
[Source "John Saunders"]
[SourceDate "2025.02.19"]
[SourceVersion "1"]
[SourceVersionDate "2025.02.19"]
[SourceQuality "1"]

1. d4 e6 2. e4 d5 3. e5 c5 4. c3 Nc6 5. Nf3 Nge7 6. Be2 Nf5 7. Na3 cxd4 8. cxd4 Bb4+ 9. Kf1 Bd7 10. Nc2 Be7 11. a3 Na5 12. Ne3 Nxe3+ 13. Bxe3 Rc8 14. Rc1 Rxc1 15. Qxc1 Ba4 16. b4 Nc6 17. g4 Qb6 18. Kg2 Bb5 19. Bd1 Bd3 20. Bc2 Bxc2 21. Qxc2 O-O 22. h4 a5 23. b5 Qxb5 24. Rb1 Qa6 25. Ng5 Bxg5 26. hxg5 Rc8 27. g6 hxg6 28. Kg3 b5 29. f3 Nd8 30. Qh2 Kf8 31. Qh8+ Ke7 32. Bg5+ Kd7 33. Qf8 Qa8 34. Qd6+ 1-0

[Event "GBR-ch110 Over 50"]
[Site "Hull"]
[Date "2024.08.04"]
[Round "7.1"]
[White "Arkell, Keith C"]
[Black "Brett, Andrew R"]
[Result "1-0"]
[WhiteElo "2386"]
[BlackElo "2052"]
[PlyCount "45"]
[EventDate "2024.07.29"]
[EventType "swiss"]
[EventRounds "7"]
[EventCountry "GBR"]
[SourceTitle "BritBase"]
[Source "John Saunders"]
[SourceDate "2025.02.19"]
[SourceVersion "1"]
[SourceVersionDate "2025.02.19"]
[SourceQuality "1"]

1. Nf3 Nf6 2. c4 g6 3. g3 Bg7 4. Bg2 O-O 5. O-O d6 6. Nc3 e5 7. d4 Nbd7 8. e4 c6 9. h3 exd4 10. Nxd4 Qb6 11. Nde2 Ne8 12. b3 h5 13. Be3 Qc7 14. Qd2 Kh7 15. Rad1 a6 16. Bd4 Bh6 17. f4 b5 18. g4 hxg4 19. hxg4 b4 20. Na4 c5 21. Bb2 f6 22. e5 Rb8 23. exf6 1-0

[Event "GBR-ch110 Over 50"]
[Site "Hull"]
[Date "2024.08.04"]
[Round "7.2"]
[White "Dougherty, Michael"]
[Black "Dishman, Stephen"]
[Result "0-1"]
[WhiteElo "2112"]
[BlackElo "2306"]
[PlyCount "70"]
[EventDate "2024.07.29"]
[EventType "swiss"]
[EventRounds "7"]
[EventCountry "GBR"]
[SourceTitle "BritBase"]
[Source "John Saunders"]
[SourceDate "2025.02.19"]
[SourceVersion "1"]
[SourceVersionDate "2025.02.19"]
[SourceQuality "1"]

1. e4 c6 2. c4 d5 3. exd5 cxd5 4. cxd5 Nf6 5. Qa4+ Nbd7 6. Nc3 g6 7. Be2 Bg7 8. Bf3 O-O 9. d4 Nb6 10. Qb3 Bg4 11. Bxg4 Nxg4 12. Nf3 Nf6 13. O-O Nfxd5 14. Re1 e6 15. Bg5 Qd6 16. Ne4 Qb4 17. Qd3 h6 18. Be3 Rac8 19. b3 Nxe3 20. fxe3 Rfd8 21. Qe2 Nd5 22. Rac1 Qa3 23. Rxc8 Rxc8 24. Ne5 Rc1 25. Rxc1 Qxc1+ 26. Kf2 f5 27. Nd6 Kh7 28. Nec4 f4 29. Kf3 fxe3 30. Nxe3 Qc6 31. Ne4 Bxd4 32. Nc4 Nf6 33. Qd3 e5 34. h4 Qe6 35. Nf2 e4+ 0-1

[Event "GBR-ch110 Over 50"]
[Site "Hull"]
[Date "2024.08.04"]
[Round "7.3"]
[White "Baer, Bruce L"]
[Black "Okike, David C"]
[Result "0-1"]
[WhiteElo "1926"]
[BlackElo "2157"]
[PlyCount "114"]
[EventDate "2024.07.29"]
[EventType "swiss"]
[EventRounds "7"]
[EventCountry "GBR"]
[SourceTitle "BritBase"]
[Source "John Saunders"]
[SourceDate "2025.02.19"]
[SourceVersion "1"]
[SourceVersionDate "2025.02.19"]
[SourceQuality "1"]

1. Nf3 d5 2. g3 Bg4 3. Bg2 Nd7 4. d3 c6 5. Nbd2 e6 6. h3 Bh5 7. e4 Bd6 8. O-O Ne7 9. Qe1 O-O 10. b3 a5 11. a4 Re8 12. Bb2 Bb4 13. g4 Bg6 14. Rd1 Nc8 15. e5 h5 16. Nh2 Bc5 17. Kh1 hxg4 18. hxg4 Kh7 19. f4 Rh8 20. Rf3 Kg8 21. Rh3 Nf8 22. Qg3 Ne7 23. Nhf3 Rxh3+ 24. Bxh3 b5 25. Rf1 bxa4 26. bxa4 Rb8 27. Nb3 Bb6 28. Nh4 Bh7 29. f5 c5 30. Ba3 Rc8 31. Qf3 Nc6 32. fxe6 Qxh4 33. Qxf7+ Kh8 34. Kg2 Qe7 35. Qxe7 Nxe7 36. d4 Be4+ 37. Kg3 Nxe6 38. g5 Rc6 39. Rf7 Ng6 40. Bxe6 Rxe6 41. dxc5 Bd8 42. Nd4 Re8 43. e6 Bxg5 44. c6 Bf6 45. c3 Be5+ 46. Kg4 Kg8 47. c7 Bf6 48. Nb5 Ne5+ 49. Kg3 Nxf7 50. exf7+ Kxf7 51. Nd6+ Ke6 52. Nxe8 Be5+ 53. Kf2 Kd7 54. Ke3 Bc2 55. Bf8 g6 56. Bc5 Bxa4 57. Bb6 Kc8 0-1

[Event "GBR-ch110 Over 50"]
[Site "Hull"]
[Date "2024.08.04"]
[Round "7.4"]
[White "Townsend, M Paul"]
[Black "Farrell, Neil R"]
[Result "1/2-1/2"]
[WhiteElo "2146"]
[BlackElo "2099"]
[PlyCount "55"]
[EventDate "2024.07.29"]
[EventType "swiss"]
[EventRounds "7"]
[EventCountry "GBR"]
[SourceTitle "BritBase"]
[Source "John Saunders"]
[SourceDate "2025.02.19"]
[SourceVersion "1"]
[SourceVersionDate "2025.02.19"]
[SourceQuality "1"]

1. Nf3 d5 2. g3 c5 3. Bg2 Nf6 4. O-O e6 5. c4 d4 6. e3 Nc6 7. exd4 cxd4 8. d3 Bd6 9. Bg5 h6 10. Bxf6 Qxf6 11. Nbd2 Qd8 12. Re1 O-O 13. a3 a5 14. Qc2 a4 15. c5 Be7 16. Qc4 Qc7 17. Nxd4 Nxd4 18. Qxd4 Bxc5 19. Qc3 Qb6 20. Re2 Bd4 21. Nc4 Qc5 22. Qb4 Ra7 23. Qxc5 Bxc5 24. Rc1 b6 25. Rec2 Ba6 26. Bc6 Bb7 27. Ne5 Bd4 28. Nf3 1/2-1/2

[Event "GBR-ch110 Over 50"]
[Site "Hull"]
[Date "2024.08.04"]
[Round "7.5"]
[White "Crocker, Philip J"]
[Black "Ciuravin, Andrei"]
[Result "1/2-1/2"]
[WhiteElo "2122"]
[BlackElo "2044"]
[PlyCount "39"]
[EventDate "2024.07.29"]
[EventType "swiss"]
[EventRounds "7"]
[EventCountry "GBR"]
[SourceTitle "BritBase"]
[Source "John Saunders"]
[SourceDate "2025.02.19"]
[SourceVersion "1"]
[SourceVersionDate "2025.02.19"]
[SourceQuality "1"]

1. c4 g6 2. g3 Bg7 3. Bg2 Nc6 4. Nc3 d6 5. e3 e5 6. d3 f5 7. Nge2 Nf6 8. b3 O-O 9. O-O Rb8 10. Bb2 Ne7 11. Qd2 c6 12. f4 b5 13. Kh1 Qb6 14. Rae1 Ng4 15. Ng1 Nh6 16. Nf3 Nf7 17. Ba1 Rd8 18. Rd1 a5 19. Rfe1 Ba6 20. Ne2 1/2-1/2

[Event "GBR-ch110 Over 50"]
[Site "Hull"]
[Date "2024.08.04"]
[Round "7.6"]
[White "Minnican, Alan"]
[Black "McMichael, Richard J"]
[Result "1/2-1/2"]
[WhiteElo "2081"]
[BlackElo "2132"]
[PlyCount "54"]
[EventDate "2024.07.29"]
[EventType "swiss"]
[EventRounds "7"]
[EventCountry "GBR"]
[SourceTitle "BritBase"]
[Source "John Saunders"]
[SourceDate "2025.02.19"]
[SourceVersion "1"]
[SourceVersionDate "2025.02.19"]
[SourceQuality "1"]

1. c4 e6 2. g3 f5 3. Bg2 Nf6 4. Nf3 b6 5. O-O Bb7 6. Nc3 Bb4 7. Qc2 O-O 8. a3 Bxc3 9. Qxc3 d6 10. Qc2 Qe7 11. b4 Nbd7 12. Bb2 h6 13. Rfe1 a5 14. Nh4 Bxg2 15. Ng6 Qf7 16. Nxf8 Bb7 17. Nxd7 Nxd7 18. d3 e5 19. Bc3 f4 20. f3 Rf8 21. Rf1 fxg3 22. hxg3 Qg6 23. Kg2 Nf6 24. Rh1 Nh5 25. Rxh5 Qxh5 26. Qd1 axb4 27. axb4 Qf7 1/2-1/2

[Event "GBR-ch110 Over 50"]
[Site "Hull"]
[Date "2024.08.04"]
[Round "7.7"]
[White "Burnett, Andrew"]
[Black "Faulkner, Martin J"]
[Result "1-0"]
[WhiteElo "2174"]
[BlackElo "1803"]
[PlyCount "53"]
[EventDate "2024.07.29"]
[EventType "swiss"]
[EventRounds "7"]
[EventCountry "GBR"]
[SourceTitle "BritBase"]
[Source "John Saunders"]
[SourceDate "2025.02.19"]
[SourceVersion "1"]
[SourceVersionDate "2025.02.19"]
[SourceQuality "1"]

1. Nf3 Nf6 2. c4 e6 3. Nc3 d5 4. e3 Bd6 5. d4 c6 6. Qc2 O-O 7. Bd2 Nbd7 8. O-O-O dxc4 9. Bxc4 b5 10. Bd3 a5 11. Ng5 h6 12. h4 Qe7 13. f4 b4 14. Nce4 b3 15. axb3 Bb4 16. Nc3 Ba6 17. e4 Rfd8 18. Bxa6 Rxa6 19. e5 Bxc3 20. Bxc3 hxg5 21. hxg5 Nf8 22. gxf6 gxf6 23. Qd3 Qb7 24. Qh3 Ng6 25. exf6 Kf8 26. Qh8+ Nxh8 27. Rxh8# 1-0

[Event "GBR-ch110 Over 50"]
[Site "Hull"]
[Date "2024.08.04"]
[Round "7.8"]
[White "Burrows, Martin P"]
[Black "Zeidler, Sven P"]
[Result "1-0"]
[WhiteElo "2010"]
[BlackElo "2116"]
[PlyCount "77"]
[EventDate "2024.07.29"]
[EventType "swiss"]
[EventRounds "7"]
[EventCountry "GBR"]
[SourceTitle "BritBase"]
[Source "John Saunders"]
[SourceDate "2025.02.19"]
[SourceVersion "1"]
[SourceVersionDate "2025.02.19"]
[SourceQuality "1"]

1. e4 Nc6 2. Nf3 d6 3. d4 Nf6 4. Nc3 g6 5. Be3 Bg7 6. Qd2 a6 7. h3 O-O 8. d5 Na7 9. a4 c6 10. Be2 Bd7 11. O-O Qc7 12. Bh6 b5 13. Bxg7 Kxg7 14. axb5 axb5 15. dxc6 Bxc6 16. Nd5 Qb7 17. Nxf6 exf6 18. Qxd6 Bxe4 19. c3 Nc6 20. Nd2 Rad8 21. Qf4 Bd5 22. Bf3 Ne5 23. Bxd5 Qxd5 24. Ne4 f5 25. Ng3 Nd3 26. Qg5 Qe5 27. f4 Qc5+ 28. Kh2 f6 29. Nh5+ Kh8 30. Nxf6 Qb6 31. Nxh7 Rf7 32. Ra6 Qxa6 33. Qxd8+ Kxh7 34. Qxd3 Qc6 35. Rd1 Re7 36. Qd5 Qb6 37. Rd4 Re1 38. Qf7+ Kh6 39. Qf8+ 1-0

[Event "GBR-ch110 Over 50"]
[Site "Hull"]
[Date "2024.08.04"]
[Round "7.10"]
[White "Hasson, Peter"]
[Black "Swiatkowski, Aram"]
[Result "1/2-1/2"]
[WhiteElo "1993"]
[BlackElo "1782"]
[PlyCount "71"]
[EventDate "2024.07.29"]
[EventType "swiss"]
[EventRounds "7"]
[EventCountry "GBR"]
[SourceTitle "BritBase"]
[Source "John Saunders"]
[SourceDate "2025.02.19"]
[SourceVersion "1"]
[SourceVersionDate "2025.02.19"]
[SourceQuality "1"]

1. c4 Nf6 2. g3 g6 3. Bg2 Bg7 4. Nc3 c6 5. e4 d6 6. d4 O-O 7. Nf3 Bg4 8. h3 Bd7 9. O-O Na6 10. Re1 Qc8 11. Kh2 c5 12. d5 Nc7 13. e5 Nfe8 14. Bf4 b5 15. Ne4 Qa6 16. b3 bxc4 17. Bf1 Bb5 18. a4 Bd7 19. Bxc4 Qc8 20. Bf1 Qb7 21. exd6 exd6 22. Rc1 Nxd5 23. Nxd6 Nxd6 24. Bxd6 Rfd8 25. Be5 Bc6 26. Qc2 Bh6 27. Qxc5 Bxc1 28. Qxc1 Re8 29. Nd4 Rac8 30. Nxc6 Rxc6 31. Bc4 Rce6 32. f4 f6 33. Rd1 Nb6 34. Bxe6+ Rxe6 35. Rd8+ Kg7 36. Rd1 1/2-1/2

[Event "GBR-ch110 Over 50"]
[Site "Hull"]
[Date "2024.08.04"]
[Round "7.11"]
[White "Ledger, Stephen C"]
[Black "Giulian, Rosemary A"]
[Result "1/2-1/2"]
[WhiteElo "2012"]
[BlackElo "1935"]
[PlyCount "193"]
[EventDate "2024.07.29"]
[EventType "swiss"]
[EventRounds "7"]
[EventCountry "GBR"]
[SourceTitle "BritBase"]
[Source "John Saunders"]
[SourceDate "2025.02.19"]
[SourceVersion "1"]
[SourceVersionDate "2025.02.19"]
[SourceQuality "1"]

1. b3 e6 2. Bb2 Nf6 3. e3 d5 4. Nf3 c5 5. c4 Nc6 6. cxd5 exd5 7. Bb5 a6 8. Bxc6+ bxc6 9. O-O Bd6 10. h3 O-O 11. Nc3 h6 12. Rc1 Bd7 13. Na4 c4 14. bxc4 dxc4 15. Rxc4 Rb8 16. Be5 Bxe5 17. Nxe5 Be6 18. Rxc6 Bxa2 19. Nc5 Rb1 20. Qc2 Rxf1+ 21. Kxf1 Bd5 22. Rxa6 Qc7 23. d4 Rb8 24. Ra1 Qb6 25. Kg1 Rc8 26. Qb1 Qd6 27. Qf5 Rd8 28. Ra6 Qc7 29. Ng4 Nxg4 30. Qxg4 Rb8 31. Ra1 Qd6 32. Nd3 Qc6 33. Rc1 Qa8 34. Nf4 Be4 35. f3 Qa3 36. Re1 Rb1 37. Rxb1 Qxe3+ 38. Kh2 Bxb1 39. Nd5 Qc1 40. Ne7+ Kh7 41. Nf5 g6 42. Nd6 Ba2 43. Qg3 Qe3 44. Qe5 Qxe5+ 45. dxe5 Kg7 46. Kg3 Kf8 47. h4 Ke7 48. Ne4 Bb1 49. Kf4 Bc2 50. Nf6 Kf8 51. h5 g5+ 52. Ke3 Bf5 53. Kd4 Be6 54. g3 Bc8 55. Kc5 Bf5 56. Kd6 Bd3 57. f4 gxf4 58. gxf4 Bf5 59. Kd5 Kg7 60. Kd4 Kf8 61. Ke3 Kg7 62. Kf3 Kf8 63. Ng4 Kg7 64. Ne3 Bc8 65. f5 Bd7 66. Kf4 Bc8 67. Nf1 Bd7 68. Ng3 Ba4 69. Ke4 Bb3 70. Kd4 Ba2 71. Kc5 Bb3 72. Kd6 Kf8 73. e6 fxe6 74. fxe6 Kg7 75. Nf5+ Kf6 76. e7 Bf7 77. Nxh6 Bxh5 78. Ng4+ Kg7 79. Ne5 Be8 80. Ke6 Ba4 81. Nd7 Bb3+ 82. Kd6 Bf7 83. Ne5 Be8 84. Kc7 Bh5 85. Kd8 Kf6 86. Ng4+ Kg7 87. Ne3 Bf7 88. Kd7 Kf6 89. Ng4+ Kg7 90. Ne5 Bh5 91. Ke6 Be8 92. Nd7 Bf7+ 93. Kd6 Be8 94. Nc5 Kf7 95. Ne6 Kf6 96. Nc5 Kf7 97. Ke5 1/2-1/2

[Event "GBR-ch110 Over 50"]
[Site "Hull"]
[Date "2024.08.04"]
[Round "7.12"]
[White "Keely, Leo A"]
[Black "Henderson, David"]
[Result "1/2-1/2"]
[WhiteElo "1923"]
[BlackElo "2057"]
[PlyCount "83"]
[EventDate "2024.07.29"]
[EventType "swiss"]
[EventRounds "7"]
[EventCountry "GBR"]
[SourceTitle "BritBase"]
[Source "John Saunders"]
[SourceDate "2025.02.19"]
[SourceVersion "1"]
[SourceVersionDate "2025.02.19"]
[SourceQuality "1"]

1. e4 e5 2. Nf3 Nc6 3. Bb5 a6 4. Ba4 Nf6 5. O-O Be7 6. Re1 b5 7. Bb3 d6 8. c3 O-O 9. h3 Na5 10. Bc2 c5 11. d4 Nd7 12. dxc5 dxc5 13. Nbd2 Bb7 14. Nf1 Nc4 15. b3 Nd6 16. Ng3 Qc7 17. Nf5 Nxf5 18. exf5 f6 19. c4 Rad8 20. Qe2 Bc6 21. Be4 Nb6 22. Nd2 Bxe4 23. Nxe4 bxc4 24. bxc4 Rd4 25. Nc3 Nxc4 26. Be3 Nxe3 27. fxe3 Rd6 28. Qc4+ Kh8 29. Nd5 Qd7 30. e4 Rc8 31. Rab1 Bd8 32. Rec1 h6 33. Kh1 Qa7 34. Rc2 Rd7 35. Rcb2 a5 36. a4 Kh7 37. Rb5 Qa6 38. Qe2 c4 39. Qh5 Qc6 40. Qg6+ Kh8 41. Qe8+ Kh7 42. Qg6+ 1/2-1/2

[Event "GBR-ch110 Over 50"]
[Site "Hull"]
[Date "2024.08.04"]
[Round "7.13"]
[White "Turner, Tim M"]
[Black "Handley, Michael R"]
[Result "0-1"]
[WhiteElo "1860"]
[BlackElo "2007"]
[PlyCount "80"]
[EventDate "2024.07.29"]
[EventType "swiss"]
[EventRounds "7"]
[EventCountry "GBR"]
[SourceTitle "BritBase"]
[Source "John Saunders"]
[SourceDate "2025.02.19"]
[SourceVersion "1"]
[SourceVersionDate "2025.02.19"]
[SourceQuality "1"]

1. d4 Nf6 2. Nf3 g6 3. c4 Bg7 4. Nc3 d5 5. cxd5 Nxd5 6. e4 Nxc3 7. bxc3 c5 8. Rb1 O-O 9. Be2 cxd4 10. cxd4 Qa5+ 11. Qd2 Qxd2+ 12. Bxd2 b6 13. O-O Bb7 14. Bd3 e6 15. Rbc1 Nc6 16. e5 Rab8 17. Be4 Ne7 18. Rc7 Bxe4 19. Rxe7 Rb7 20. Rxb7 Bxb7 21. Rc1 Rc8 22. Rxc8+ Bxc8 23. Ne1 Bf8 24. Nc2 a5 25. Ne3 Ba6 26. f4 a4 27. Kf2 Bd3 28. Nd1 b5 29. Ke3 Bc4 30. Nc3 a3 31. Bc1 b4 32. Ne4 Bxa2 33. Nd6 Bd5 34. Kd3 Be7 35. g4 Bh4 36. Ne4 Bxe4+ 37. Kxe4 Be1 38. Kd3 a2 39. Bb2 Bc3 40. Kc2 a1=Q 0-1

[Event "GBR-ch110 Over 50"]
[Site "Hull"]
[Date "2024.08.04"]
[Round "7.14"]
[White "Waddington, Mike P"]
[Black "Wilson, Matthew R"]
[Result "1-0"]
[WhiteElo "1990"]
[BlackElo "1832"]
[PlyCount "63"]
[EventDate "2024.07.29"]
[EventType "swiss"]
[EventRounds "7"]
[EventCountry "GBR"]
[SourceTitle "BritBase"]
[Source "John Saunders"]
[SourceDate "2025.02.19"]
[SourceVersion "1"]
[SourceVersionDate "2025.02.19"]
[SourceQuality "1"]

1. Nc3 d5 2. e4 d4 3. Nce2 c5 4. Ng3 a6 5. Bc4 Nc6 6. f4 e6 7. a4 Nf6 8. Nf3 h5 9. d3 h4 10. Ne2 b6 11. O-O h3 12. gxh3 Rxh3 13. Ng5 Rh8 14. Ng3 Ra7 15. Qe2 g6 16. f5 gxf5 17. exf5 e5 18. N3e4 Nxe4 19. Qxe4 Qf6 20. Be6 Bb7 21. Bxf7+ Ke7 22. Bd5 Ke8 23. Ne6 Bh6 24. Bxc6+ Bxc6 25. Qxc6+ Rd7 26. Qc8+ Ke7 27. Qc6 Rg8+ 28. Kh1 Bxc1 29. Raxc1 Rg4 30. Qxb6 e4 31. Qxc5+ Kf7 32. Qf8# 1-0

[Event "GBR-ch110 Over 50"]
[Site "Hull"]
[Date "2024.08.04"]
[Round "7.15"]
[White "Kennedy, Craig"]
[Black "Brown, Alan M"]
[Result "1/2-1/2"]
[WhiteElo "1871"]
[BlackElo "1974"]
[PlyCount "32"]
[EventDate "2024.07.29"]
[EventType "swiss"]
[EventRounds "7"]
[EventCountry "GBR"]
[SourceTitle "BritBase"]
[Source "John Saunders"]
[SourceDate "2025.02.19"]
[SourceVersion "1"]
[SourceVersionDate "2025.02.19"]
[SourceQuality "1"]

1. f4 Nf6 2. Nf3 d5 3. e3 g6 4. b3 Bg7 5. Bb2 O-O 6. Bd3 c5 7. O-O Nc6 8. c4 Nb4 9. Be2 dxc4 10. Bxc4 Bf5 11. Nc3 Bd3 12. Bxd3 Nxd3 13. Qc2 Nxb2 14. Qxb2 a6 15. Qc2 Nd5 16. Rad1 Nxc3 1/2-1/2

[Event "GBR-ch110 Over 50"]
[Site "Hull"]
[Date "2024.08.04"]
[Round "7.16"]
[White "Jaszkiwskyj, Peter"]
[Black "Vleeshhouwer, Douglas"]
[Result "0-1"]
[WhiteElo "1857"]
[BlackElo "1923"]
[PlyCount "44"]
[EventDate "2024.07.29"]
[EventType "swiss"]
[EventRounds "7"]
[EventCountry "GBR"]
[SourceTitle "BritBase"]
[Source "John Saunders"]
[SourceDate "2025.02.19"]
[SourceVersion "1"]
[SourceVersionDate "2025.02.19"]
[SourceQuality "1"]

1. d4 d5 2. c4 c6 3. Nf3 Nf6 4. e3 a6 5. Nc3 Bf5 6. Be2 Nbd7 7. O-O e6 8. b3 Bd6 9. Bb2 Qb8 10. h3 Ne4 11. Bd3 Ndf6 12. Qc2 h5 13. Ne5 g5 14. f3 Ng3 15. Rfe1 Bxd3 16. Qxd3 g4 17. Kf2 gxf3 18. gxf3 Rg8 19. Rg1 Bxe5 20. dxe5 Qxe5 21. Na4 Nge4+ 22. fxe4 Qh2+ 0-1